Capitals With No A Or E - Statistics

General Stats
  • This quiz has been taken 50 times
    45 since last reset
  • The average score is 11 of 21
Answer Stats
Answer % Correct
London
87%
Oslo
87%
Lisbon
77%
Tokyo
77%
Moscow
73%
Stockholm
70%
Dublin
67%
Dili
63%
Minsk
63%
Quito
60%
Tunis
60%
Port Louis
47%
Tripoli
40%
Vilnius
40%
Kingston
37%
Kingstown
37%
Porto Novo
37%
Tbilisi
37%
Djibouti
33%
Thimphu
30%
Moroni
27%
No matching quizzes found
Score Distribution
Percent of People with Each Score
Percentile by Number Answered
Your Score History
You have not taken this quiz since the last reset